000
00299nam a22001337a 4500
008
170508b xxu||||| |||| 00| 0 eng d
020
_a
0314066888
041
_a
eng
080
_a
34
100
_a
15
101
_a
SHJ
245
_a
LAWYERING PRACTICE AND PLANNING
_c
HAYDOCK, R.S
942
_2
udc
_c
BK
999
_c
12931
_d
12931